| 000 | 00666nam a22001817a 4500 | ||
|---|---|---|---|
| 003 | OSt | ||
| 005 | 20130517093052.0 | ||
| 008 | 130517s2001 sp ||||| |||| 00| 0 spa d | ||
| 040 | _cCDMR | ||
| 111 | 2 |
_93446 _aCongreso Nacional de Periodismo Ambiental _cMadrid _d1999 _n3r |
|
| 245 | 1 | 0 |
_aIII Congreso Nacional de Periodismo Ambiental _b: Madrid 1999 |
| 260 |
_aMadrid _bAsociación de Periodistas de Información Ambiental _cDL 2001 |
||
| 300 | _a174 p. | ||
| 650 | 0 | 4 |
_92804 _aPeriodisme científic _xCongressos |
| 650 | 0 | 4 |
_92077 _aMitjans de comunicació de massa i medi ambient |
| 710 | 2 |
_93447 _aAsociación de Periodistas de Información Ambiental |
|
| 942 |
_2udc _cMON |
||
| 999 |
_c6275 _d6275 |
||